Subdivisions of Egypt - Statistics

General Stats
  • This quiz has been taken 13 times
  • The average score is 15 of 27
Answer Stats
Picture Answer % Correct
Alexandria
88%
Aswan
75%
Bur Sa'id
75%
Cairo
75%
El Bahr El Ahmar
75%
Fayyum
75%
Jizah
75%
Luxor
75%
Asiut
63%
El Matruh
63%
El Wadi El Gedid
63%
Ganub Sina
63%
Qina
63%
Shamal Sina
63%
Bani Suwayf
50%
Beheira
50%
Damietta
50%
Es-Suways
50%
Gharbia
50%
Ismailia
50%
Kafr-Al Shaykh
50%
Minya
38%
Sohag
38%
Dakahlia
25%
El Qalyubiyya
25%
Es Sharqiyah
25%
Menofia
25%
No matching quizzes found
Score Distribution
Percent of People with Each Score
Percentile by Number Answered
Your Score History
You have not taken this quiz